Most Guessed Countries In Countries Of Europe In 1650 - Statistics

General Stats
  • This quiz has been taken 77 times
    54 since last reset
  • The average score is 18 of 25
Answer Stats
Hint Answer % Correct
3 Russia
98%
7 England
95%
2 France
95%
13 Austria
93%
1 Spain
93%
4 Ireland
88%
12 Netherlands
88%
10 Poland-Lithuania
88%
8 Scotland
88%
5 Sweden
88%
11 Ottoman Empire
83%
14 Hungary
80%
18 Bavaria
78%
6 Portugal
78%
15 Prussia
75%
9 Denmark-Norway
68%
17 Venice
63%
23 Tuscany
55%
24 Andorra
53%
25 Genoa
50%
16 Cossack Hetmanate
48%
21 Bohemia
45%
19 Papal States
45%
22 Croatia
43%
20 Hamburg
35%
No matching quizzes found
Score Distribution
Percent of People with Each Score
Percentile by Number Answered
Your Score History
You have not taken this quiz since the last reset